Educación: improntas de mujer.
Saved in:
| Hovedforfatter: | |
|---|---|
| Format: | Bog |
| Udgivet: |
Santiago, Chile:
Dirección de Bibliotecas, Archivos y Museos, Museo de la Educación Gabriela Mistral,
2012.
|
| Udgivelse: | Edición actualizada |
| Serier: | Itinerario y Memoria del Bicentenario
|
| Fag: | |
| Online adgang: | Disponible Online - Biblioteca Digital MINEDUC |
| Tags: |
Tilføj Tag
Ingen Tags, Vær først til at tagge denne postø!
|
MARC
| LEADER | 00000cam a2200000 a 4500 | ||
|---|---|---|---|
| 001 | UCC5583 | ||
| 003 | CL-VaPUC | ||
| 005 | 20230904161042.0 | ||
| 008 | 230705t2012 ||||| |||| 00| 0 eng d | ||
| 999 | |c 441307 |d 441305 | ||
| 020 | |a 978-956-244-248-0 | ||
| 040 | |c Pontificia Universidad Católica de Valparaíso | ||
| 082 | 0 | 4 | |2 21 |a 370.983 ORE 2012 |
| 100 | 1 | |a Orellana Rivera, María Isabel |e textos |e edición |9 599933 | |
| 245 | 1 | 0 | |a Educación: improntas de mujer. |
| 250 | |a Edición actualizada | ||
| 260 | |a Santiago, Chile: |b Dirección de Bibliotecas, Archivos y Museos, |b Museo de la Educación Gabriela Mistral, |c 2012. | ||
| 300 | |a Volumen I; 193 páginas. | ||
| 490 | 0 | |a Itinerario y Memoria del Bicentenario | |
| 500 | |a c.1 Donación Biblio Gimpert. Memo GIM 02/2023 | ||
| 583 | |a last modification |c 20181021 19:29:00 |k Catalogador Asistente | ||
| 650 | 0 | |a Historia de la educación chilena |2 CL-VaPUC |9 578925 | |
| 650 | 1 | |a Estudiantes mujeres |z Chile |9 884342 | |
| 650 | 1 | |a Educación femenina |x Internados |9 884341 | |
| 856 | |u https://bibliotecadigital.mineduc.cl/bitstream/handle/20.500.12365/16822/improntasdemujer.pdf?sequence=1&isAllowed=y |y Disponible Online - Biblioteca Digital MINEDUC | ||
| 942 | |c BK |2 ddc | ||
| 952 | |0 0 |1 0 |2 ddc |4 0 |6 370_983000000000000_ORE_2012 |7 0 |8 A |9 590680 |a BIBGIM |b BIBGIM |c GEN |d 2023-07-05 |e Donación |h v.I |i 5657871 |o 370.983 ORE 2012 |p 5657871 |r 2025-01-15 |t 1 |w 2023-07-05 |y BK |k GIM | ||